Dočasná pracovná neschopnosť niektoré zásady : záznamníctvo : výkazníctvo : metódy rozboru

Saved in:
Bibliographic Details
Main Author: Hostýn, Eduard
Other Authors: Hostýnová, Elena
Format: Book
Language:Slovak
Published: Martin Osveta 1985
Series:Edícia pre postgraduálne štúdium zv. 44
Tags: Add Tag
No Tags, Be the first to tag this record!

MARC

LEADER 00000nam a2200000 4500
001 c110705
005 20150325105455.3
041 0 |a slo 
044 |a SK 
245 1 0 |a Dočasná pracovná neschopnosť  |b niektoré zásady : záznamníctvo : výkazníctvo : metódy rozboru  |c Eduard Hostýn, Elena Hostýnová 
264 1 |a Martin  |b Osveta  |c 1985 
300 |a 310 s. 
490 1 |a Edícia pre postgraduálne štúdium  |v zv. 44 
830 0 |a Edícia pre postgraduálne štúdium  |v zv. 44 
100 1 |a Hostýn, Eduard 
700 1 |a Hostýnová, Elena